000
00240nam a2200097Ia 4500
001
796436
005
20250826170747.0
008
250824s9999 xx 000 0 und d
245
0
_a
BEŞ RAHMET KAPISI
_c
UĞUR KOŞAR
260
_b
DESTEK YAYINLARI
999
_c
796436
_d
796436